00478nam a2200145 a 450000500170000000800410001702000220005805000270008010000230010724500680013026000570019830000310025552100080028665000380029420140310183333.0060825s19uu xx 00 eng d a978-0-7506-7896-4 aHF 8686.H75b.H33 2005 aHales, Jonathan A. aAccounting and financial analysis in the hospitality industry/. aAmsterdam :bElseviere Butterworth Heinemann,c2005. a296 p. : bill. ; c26 cm. aBSA aHospitality industryxAccounting.